5 Biggest Cities in Iceland - Statistics

General Stats
  • This quiz has been taken 46 times
  • The average score is 2 of 5
Answer Stats
Hint Answer % Correct
1. Reykjávik
100%
4. Akureyri
45%
2. Kopavogur
20%
5. Gardabaer
10%
3. Hafnarfjoerdur
0%
No matching quizzes found
Score Distribution
Percent of People with Each Score
Percentile by Number Answered
Your Score History
You have not taken this quiz